Necesidades financieras 1979
Recopila varios documentos elaborados durante 1978 en los cuales sew analiza las necesidades financieras de la universidad de San Carlos de Guatemala para 1979 - Señala que el objetivo de la publicación es demostrar que los recursos actuales de la universidad son insuficientes para atender, en forma...
Kaydedildi:
| Müşterek Yazar: | |
|---|---|
| Materyal Türü: | Metin |
| Baskı/Yayın Bilgisi: |
Guatemala:
USAC
|
| Etiketler: |
Etiketle
Etiket eklenmemiş, İlk siz ekleyin!
|
MARC
| LEADER | 00000 a a2200000 04500 | ||
|---|---|---|---|
| 001 | 20642 | ||
| 003 | |||
| 040 | |||
| 090 | |a 087300 | ||
| 110 | |a Universidad de San Carlos de Guatemala | ||
| 245 | |a Necesidades financieras 1979 | ||
| 260 | |a Guatemala: |b USAC | ||
| 300 | |a 151 p. | ||
| 520 | |a Recopila varios documentos elaborados durante 1978 en los cuales sew analiza las necesidades financieras de la universidad de San Carlos de Guatemala para 1979 - Señala que el objetivo de la publicación es demostrar que los recursos actuales de la universidad son insuficientes para atender, en forma, adecuada las actividades de docencia, investigación y extensión. Divide el trabajo e las siguientes partes: Necesidades en docencia, investigación, y en ejercicio profesional supervisado y unidades de desarrollo social, y Programas de inversión física, centros regionales universitarios y aspectos presupuestarios | ||
| 999 | |c 10055 |d 10055 | ||
